[Event "FICGS class F 000064 email"]
[Site "FICGS email"]
[Date "2008.09.11"]
[Round "1"]
[White "Stoyanov, Zdravko"]
[Black "Dimitrov, Kiril"]
[Result "0-1"]
[WhiteElo "1334"]
[BlackElo "1350"]
[PlyCount "42"]
[EventDate "2008.??.??"]
[EventType "tourn (corr)"]
[EventRounds "5"]
[SourceTitle "Corr 2022"]
[Source "ChessBase"]
[SourceDate "2021.10.24"]
[SourceVersion "1"]
[SourceVersionDate "2021.10.24"]
[SourceQuality "1"]

1. e4 c6 2. Nf3 d5 3. h3 dxe4 4. Ng5 Bf5 5. c3 h6 6. Qh5 Bg6 7. Qg4 hxg5 8. Qxg5 e6 9. Qe3 Nf6 10. Bc4 Nd5 11. Qe2 Nf4 12. Qg4 Rh4 13. Qd1 Nxg2+ 14. Kf1 Nf4 15. d4 exd3 16. Qf3 Bh5 17. Qe3 Be2+ 18. Kg1 Qg5+ 19. Qg3 Qxg3+ 20. fxg3 Bc5+ 21. Kh2 Rxh3# 0-1